000 00751nam a2200289Ia 4500
005 20260324114649.0
008 008 260324s9999 xx 000 0 eng d
020 _a9781003140436
037 _aEBOOK
040 _aCRL
040 _beng
040 _cCRL
041 _2eng
041 _aeng
084 _qCRL
100 _aJiri Militky; Aravin Prince Periyasamy; Mohanapriya Venkataraman
_91151671
245 0 _aTextiles and Their Use in Microbial Protection
245 0 _bFocus on COVID-19 and Other Viruses
260 _bTaylor and Francis
260 _c2021
365 _a
365 _b480
856 _uhttp://www.taylorfrancis.com/books/9781003140436
942 _cEBOOK
999 _c1741986
_d1741986